| 000 | 01117aas a2200217 4500 | ||
|---|---|---|---|
| 001 | 768714001 | ||
| 003 | CO-MdFUSB | ||
| 005 | 20161101143638.0 | ||
| 008 | 161101b xxu||||| |||| 00| 0 eng d | ||
| 022 | _a0014-1437 | ||
| 040 |
_aCO-MdFUSB _bspa _cCO-MdFUSB _dCO-MdFUSB |
||
| 041 | _aspa | ||
| 100 | 1 |
_aMiquel, Esther _eautor |
|
| 245 | 1 | 0 | _aHistoricidad en los relatos evangélicos de las unciones de Jesús : Semejanzas entre la praxis de Jesús y la de algunos grupos filosóficos contraculturales de la época helenístico-romana |
| 300 | _aVolumen 62, número 1 (2004), Páginas 3-26 | ||
| 520 | _aEn las distintas escenas evangélicas de las unciones de Jesús es posible detectar un núcleo narrativo común de carácter extremadamente escandaloso. La aplicación del criterio de incomodidad y el criterio de plausibilidad contextual permiten argumentar a favor de su autenticidad histórica | ||
| 546 | _aTexto en Español | ||
| 653 | _aEvangelios – Historicidad | ||
| 773 | 0 |
_tEstudios Bíblicos _049452 _962334 _gVolumen 62, cuaderno 1 (2004), páginas: 3-26 _qVolumen 62: página: 3 |
|
| 942 | _cANA | ||
| 999 |
_c50313 _d50313 |
||